Oeuvres de William Shakespeare - Mort Subite - Statistiques

Statistiques générales
  • Ce quiz a été pris 584 fois
    13 depuis la dernière actualisation
  • Le résultat moyen est 7 sur 20
Answers on the Grid
Answers color-coded by a green-red scale on the quiz's grid according to % correct below.
Roméo et Juliette
Henri VII
Le Conte d'été
Le Marchand de Vérone
Macbeth
Hamlet
Othello
Le Malade imaginaire
Antoine et Cléopâtre
Le Roi Jean
Les Deux Nobles Frères
Les Deux Gentilshommes de Vérone
Mesure pour mesure
Cressida et Troïlus
Le Roi Lear
Le Songe d'une nuit d'hiver
Le Festin de Pierre
Tridus Andronicus
La Nuit des rois
Sganarelle
Le Bourgeois Gentilhomme
La Mégère apprivoisée
Périclès, prince de Tyr
Richard III
Le Mythe de Sisyphe
L'Homme qui rit
Coriolan
Cymbeline
Jules César
Les Misérables
Hippolyte
Édouard III
Comme il vous plaira
Antigone
Amphitryon
La Comédie des erreurs
 
Statistiques - réponses
Réponse % Correct
Macbeth
92%
Hamlet
75%
Le Roi Lear
75%
Othello
75%
Roméo et Juliette
75%
Richard III
50%
Antoine et Cléopâtre
33%
Comme il vous plaira
33%
La Mégère apprivoisée
33%
La Nuit des rois
33%
Jules César
25%
Cymbeline
17%
Édouard III
17%
Le Roi Jean
17%
Les Deux Gentilshommes de Vérone
17%
Tridus Andronicus
17%
Coriolan
8%
La Comédie des erreurs
8%
Mesure pour mesure
8%
Périclès, prince de Tyr
8%
Aucun quiz correspondant
Distribution des résultats
% des personnes avec chaque résultat
Percentile par nombre de réponses
Votre historique - résultats
Vous n’avez pas pris ce quiz depuis la dernière actualisation